| 000 | 01603aam a2200361 i 4500 | ||
|---|---|---|---|
| 001 | 768714001 | ||
| 003 | CO-MdFUSB | ||
| 005 | 20231213111608.0 | ||
| 007 | ta | ||
| 008 | 231030t20122012spaa||ag |||| 00| 0 spa d | ||
| 020 | _a9788408110736 | ||
| 040 |
_aCO-MdFUSB _bspa _cCO-MdFUSB _dCO-MdFUSBC _erda |
||
| 041 | _aspa | ||
| 082 |
_223 _a876 _bES76 |
||
| 100 |
_aEslava Galán, Juan, _eautor |
||
| 245 |
_aÚltimas pasiones del caballero almafiera _c/ Juan Eslava Galán |
||
| 250 | _aPrimera edición | ||
| 264 | 1 |
_aBarcelona, España : _bPlaneta, _c[2012] |
|
| 264 | 4 | _c©2012 | |
| 300 |
_a520 páginas _c; 24 cm |
||
| 336 |
_2rdacontent _atexto _btxt |
||
| 337 |
_2rdamedia _asin mediación _bn |
||
| 338 |
_2rdacarrier _avolumen _bnc |
||
| 490 | _aAutores españoles e iberoamericanos | ||
| 504 | _aincluye bibliografía | ||
| 520 | _aAño 1212. Almafiera, un caballero de oscuro pasado regresa de las cruzadas para reclamar el feudo que le han confiscado. En España se enamora de doña Eliabel, la esposa de su mayor enemigo. Enrolados en la expedición contra los moros, que culmina en la batalla de las Navas de Tolosa, Almafiera y doña Eliabel vivirán una ardorosa historia de amor y sensualidad entre reyes y arzobispos, trovadores y pícaros, ballesteros y mesnadas. Juan Eslava nos ofrece una épica novela de aventuras magníficamente ambientada en la que la recreación de la barbarie deja, sin embargo, un amplio espacio al humor. | ||
| 563 | _aPasta dura. | ||
| 653 | _aFicción histórica | ||
| 653 | _aCruzadas | ||
| 653 | _aReyes | ||
| 942 | _cBK | ||
| 945 | _asor1564 | ||
| 999 |
_c69223 _d69223 |
||